000 00782nam a2200217 i 4500
001 16931
003 ES-MaACL
007 t|
008 001123s1991 sp ||||1| spa d
080 _a75 Cano, Miguel (064.3)
100 1 _aCano, Miguel.
_934535
245 1 0 _aMiguel Cano
_b: óleos : septiembre 1991, Centro Cultural La Asunción, Diputación Provincial de Albacete.
260 _aAlbacete :
_bEdiciones de la Diputación de Albacete,
_c1991.
300 _a48 p. :
_bprincipalmente il. ;
_c30 cm.
600 1 4 _aCano, Miguel-
_vExposiciones.
_934536
655 7 _2tgfbne
_9193628
_aCatálogos de exposiciones
710 1 _aAlbacete (Provincia).
_bDiputación Provincial
_91313
852 _aES-MaACL
_jG-3289
_bR.120254
942 _2udc
999 _c16931
_d16931